000 00500nam a2200205Ia 4500
003 GCL
005 20240530100751.0
008 140319s9999 xx 000 0 eng d
040 _aGCL /
_cGCL
082 0 4 _a747.5
_bW C
100 1 _aWORD LOCK
245 1 0 _aCURTAINS & SOFT : FURNISHINGS /
_cWORD LOCK
260 _a[S.N] :
_bWORD LOCK ،
_c1994
300 _a96
490 _aCREATING A HOME
_v0
650 0 4 _aFURNITURE
650 0 4 _aHOME FURNITURE
650 0 4 _aCURTAINS
942 _2ddc
_cBK
999 _c20672
_d20672